[Event "Chelyabinsk Variation 11.3"]
[Site "Lugano SUI"]
[Date "1988.??.??"]
[Round "11.3"]
[White "Renet, Olivier"]
[Black "Korchnoi, Viktor"]
[Result "1/2-1/2"]
[WhiteElo "2460"]
[BlackElo "2640"]
[EventDate "1988.03.??"]

1. e4 c5 2. Nf3 e6 3. d4 cxd4 4. Nxd4 Nf6 5. Nc3 Nc6 6. Ndb5 d6 7. Bf4 e5 
8. Bg5 a6 9. Na3 b5 10. Bxf6 gxf6 11. Nd5 f5 12. Bd3 Be6 13. Qh5 Bg7 14. 
O-O f4 15. c4 bxc4 16. Bxc4 O-O 17. Rac1 Rb8 18. b3 Qd7 19. Rfd1 Kh8 20. 
Qh4 Bxd5 21. Bxd5 Nb4 { A logical improvement. Black intends to exchange 
his opponent's bishop that dominates in the center, and white knight that 
is left alive will still have to find a good place fot himself } 22. Rd2 (
{In correspondence tournaments the continuation} 22. Rc3!? {has been 
tested, for instance:} 22. ... Nxa2 23. Rh3 h6 24. Nc4 Nb4 ( 24. ... Rbd8 
25. g4! ) 25. Bc6 Qd8 26. Qh5 Kg8 27. Rxd6 Qg5 28. Qxg5 hxg5 29. Bd7 Rfd8 
30. Rh5 Rb7 31. Bg4 Rxd6 32. Nxd6 Rc7 {1/2-1/2, Wieringen Cv - De Waard 
Jos, Netherlands 1997 Ch Netherlands (corr.)} ) ( {Worth attention is} 22.
 Nc4!? { intending to make the a3-knight comfortable as quick as possible,
even at a price of a pawn. After that it is possible to play } 22. ... 
Nxa2 23. Rc2 Nb4 24. Rcd2 Qd8 25. Qxd8 Rbxd8 26. Nb6 += {Grischuk 
Alexander (RUS) 2702 - Ivanchuk Vassily  (UKR) 2711, Moscow (Russia) 2002)
} ) 22. ... f5 23. Nc4 ( 23. Qh3 f3! 24. Nc4 Bf6 25. Qxf5 Qg7 26. Ne3 Bg5 
27. Qh3 Bxe3 28. fxe3 Qg5 29. Rc3 Nxd5 {Smirnov Pavel 2624 - Cao Sang 2536
, Warsaw 25.06.2005 Ch Europe)} ) 23. ... Nxd5?! { An inaccuracy. One pair
of rooks should have been previously exchanged } ( 23. ... Rb5! 24. Rcd1 
Nxd5 25. Rxd5 Rxd5 26. Rxd5 fxe4 27. Rxd6 Qf5 ) 24. Rxd5 fxe4 25. Rxd6 Qf5
26. h3! {Removing the weakness of the back rank and preparing to transpose
the game into ending by means of Â£h4-g4, where the defects of black pawn 
structure may have their impact } 26. ... h5?! {Black prevents the move 
Â£h4-g4, but now his king's position is bare } 27. Qe7 e3 28. fxe3 fxe3 
29. Rd7! {That's when the difference in utility of c1- and b8-rooks 
becomes especially obvious } 29. ... Bf6 ( 29. ... Qf2+ 30. Kh1 Qg3 ( 
30. ... Rg8 31. Qf7 +/- ) 31. Nxe3 Rf2 32. Rf1 +- Rxf1+ 33. Nxf1 Qg6 34. 
Ne3 Re8 35. Rd8 Qb1+ 36. Kh2 Rxd8 37. Qxd8+ Kh7 38. Qe8 Qxa2 +- ) 30. Nxe3
! Qe4 ( 30. ... Bxe7 31. Nxf5 Ba3 32. Rf1 +/- ) 31. Qc5 Bg5 ( 31. ... Bh4 
32. Rf1! Rfc8 33. Qa7 Ra8 34. Qb6 Rc6 35. Qb7 Qxe3+ 36. Kh1 +- ) 32. Nd5! 
( 32. Re1 Rfc8? ( 32. ... Rbc8! 33. Rc7 Rg8 34. Nc2 Be7 35. Qf2 Bh4 36. 
Qd2 Qg6 37. Rxc8 Rxc8 38. Rc1 Bg5 39. Ne3 Rg8 = ) 33. Qa7?? ( 33. Qd6 
Bxe3+ 34. Kh1 Qf5 +/- ) 33. ... Ra8 -+ 34. Qb6 Rc1! 35. Rxc1 Bxe3+ 36. Kh2
Bxb6 --+ ) ( 32. Rc3?? Rbc8 33. Rc7 Rcd8 34. Rd7 Rg8 35. Nf1 Rxd7 --+ ) 
32. ... Qf5 ( 32. ... Bxc1 33. Qxc1 Qg6 34. Qe3! Rbe8 35. Nc7! Rg8 36. Qe2
Ref8 = ) 33. Ne7! Qxd7 ( 33. ... Qe6? 34. Re1 Rfd8 35. Qxe5+ Qxe5 36. Ng6+
Kg8 37. Nxe5 +- ) 34. Qxe5+ Kh7 35. Qxg5 Rb6! 36. Nd5 Rg6 37. Qxh5+ Rh6 
38. Qe5?! ( 38. Qd1! Rf7 ( 38. ... Rd6?? 39. Rc7 Qxc7 40. Qb1+! +-- ) 39. 
Rc4 +/- ) 38. ... Rf5 39. Rc7 Rxe5 40. Rxd7+ Kg8 { In the endgame black 
chances for a draw improve, as his king is now free of checkmate threats }
41. Kf2 Kf8 42. Nf4 Rc5! 43. Kf3 Rc2 44. g4 ( 44. a3 Rc3+ 45. Rd3 Rxd3+ 
46. Nxd3 = ) 44. ... Rxa2 45. g5 ( 45. Rb7 Ra5! ) 45. ... Rb6 46. Kg4 Rb4 
( 46. ... Rxb3 47. Kh5! ) 47. g6 Rg2+! 48. Kf5 ( 48. Kf3 Rg1!? ( 48. ... 
Rxf4+ 49. Kxg2 Rb4 50. Rd3 Kg7 51. Rg3 a5 = ) 49. g7+ Kg8 50. Nh5 Rxb3+ 
51. Kf2 Rg6 52. h4 Rb4 = ) 48. ... Rxf4+ 49. Kxf4 Rxg6 50. Rb7 a5! 1/2-1/2

[Event "Chelyabinsk Variation 11. 5"]
[Site "Kherson UKR"]
[Date "1991.??.??"]
[Round "11.5"]
[White "Brodsky, Michail"]
[Black "Kramnik, Vladimir"]
[Result "0-1"]
[WhiteElo "2310"]
[BlackElo "2480"]
[EventDate "1991.??.??"]

1. e4 c5 2. Nf3 Nc6 3. d4 cxd4 4. Nxd4 Nf6 5. Nc3 e5 6. Ndb5 d6 7. Bg5 a6 
8. Na3 b5 9. Bxf6 gxf6 10. Nd5 f5 11. Bd3 Be6 12. Qh5 Rg8!? {A sharp 
continuation leading to great complications. Black wants to use the 
half-open g-file in order to obtain counterplay immediately } ( {Main line
here is} 12. ... Bg7 13. O-O f4 ) 13. O-O-O!? {Leaving the g2-pawn to the 
mercy of fate, White rapidly castles and seeks to open up the position of 
the opponent's king that remains in the center } ( 13. O-O?! f4 14. c4 b4 
15. Nc2 Bg4 16. Qxh7 Rg6 17. h3 Bf3 18. Qxg6 fxg6 19. gxf3 Ra7 -/+ { 
Smagin Sergey 2535 - Yurtaev Leonid 2525 , Hartberg 1991 It (open)} ) 
13. ... Rxg2 ( 13. ... Rc8!? ) 14. f4?! {This consistent continuation 
turns out to be favorable for Black. His rook all of a sudden gets a 
chance to display activity along the 2nd rank } ( {To unclear consequences
leads} 14. Qf3! ) 14. ... Nd4! 15. Ne3 ( 15. c3 Bxd5 16. exd5 b4! -/+ ) ( 
15. Rhg1 fxe4! 16. Rxg2 exd3 -/+ ) 15. ... Rf2 16. exf5 ( {Exchange of the
opponent's active rook is worth attention, though after} 16. Rhf1!? Rxf1 
17. Rxf1 Rc8 { the initiative is Black's} ) 16. ... Bxa2 17. fxe5 ( 17. 
Ng4 Rc8! {Nb3 mat} 18. Nxf2 Nb3# ) 17. ... dxe5 ( 17. ... Rc8 18. Bxb5+ 
Nxb5 19. Nxb5 axb5 20. exd6 -+ ) 18. Nxb5 Bh6!! {Dark-squared bishop 
enters the game effectively } ( 18. ... axb5 19. Bxb5+ Nxb5 20. Rxd8+ Rxd8
21. f6! ) 19. Rhe1 ( 19. Qxh6 Rxc2+! 20. Bxc2 ( 20. Nxc2 Nb3# ) 20. ... 
Ne2# ) 19. ... axb5 ( 19. ... Qb6!? 20. Nxd4 exd4 21. Qh4 Rb8! ( 21. ... 
Bxe3+? 22. Rxe3+ dxe3 23. Qe4+ +/- ) 22. b3 Bxe3+ 23. Rxe3+ dxe3 24. Qa4+ 
Kf8 25. Qxa2 Rc8 ) 20. Bxb5+ ( 20. Qxh6 Bc4 21. b4 Ra1+ 22. Kb2 Ra2+ 23. 
Kb1 Qa8 -+ ) 20. ... Ke7 21. Qh4+ ( 21. Qxh6 Rxc2+! 22. Nxc2 Nb3# ) ( 21. 
f6+ Rxf6 22. Qxe5+ Re6 23. Qc5+ Qd6 -+ ) 21. ... f6 22. Qxf2 Bf7 -+ { In 
spite of being down an exchange Black has a killing attack } 23. Bd3 ( 23.
 b3 Qa5 24. Ba4 Qc3! 25. Rd3 Nxb3+ 26. Kd1 Bh5+! ) 23. ... Qb6 24. Be4 ( 
24. c3 Ra1+ 25. Bb1 Ba2! --+ ) 24. ... Ra2 ( 24. ... Ra1+ 25. Kd2 Qb4+ 26.
 Kd3 ) 25. c4 Bxc4 26. Kb1 Qa5 ( 26. ... Ra1+! 27. Kxa1 Qa6+ 28. Kb1 Ba2+ 
29. Kc1 Qc4+ 30. Kd2 Nb3# ) 27. Nd5+ ( 27. Nc2 Ra1+ 28. Nxa1 Qa2# ) 
27. ... Bxd5 28. Qxd4 Ra1+ 29. Kc2 Rxd1 30. Qxd1 Qa4+ 31. Kc3 0-1

[Event "Chelyabinsk Variation 12.2"]
[Site "Budapest HUN"]
[Date "2003.04.15"]
[Round "12.2"]
[White "Polgar, Judit"]
[Black "Leko, Peter"]
[Result "0-1"]
[WhiteElo "2715"]
[BlackElo "2746"]
[EventDate "2003.04.11"]
[Annotator "Rogozenco"]

1. e4 {Ftacnik} 1. ... c5 2. Nf3 Nc6 3. d4 cxd4 4. Nxd4 Nf6 5. Nc3 e5 6. 
Ndb5 d6 7. Bg5 a6 8. Na3 b5 9. Bxf6 gxf6 10. Nd5 f5 11. Bd3 Be6 12. Qh5 
Rg8 13. g3 Rg5 14. Qd1 {The strongest continuation. Returning his queen to
its initial position, White is content with provoking the h8-rook movement
and depriving Black of the kingside castling } 14. ... Bxd5 {A necessary 
exchange that allows Black to obtain counterplay in view of formation of 
the mobile pawn mass in the center } 15. exd5 Ne7 16. Nxb5?! {This is a 
doubtful novelty. Later Polgar switched to the more logical 16.c3. The 
problem with taking with the knight on b5 in Sveshnikov Sicilian is that 
even when it wins a pawn, Black often gets good compensation. However, in 
this game Leko doesn't even sacrifice the pawn.
-----------
Eliminating the b5-pawn, White activates the a3-knight but gives his 
opponent time to organize counterplay } ( 16. c3 Bh6 17. Be2 Rc8 18. c4 f4
19. cxb5 e4 20. gxf4 Qa5+ 21. Kf1 Rxd5 22. Qe1 Qc7 23. bxa6 Qd7 24. Rg1 
Qh3+ 25. Rg2 Bxf4 26. Qb4 Bxh2 27. Bg4 Qd3+ 28. Be2 Qh3 29. Bg4 Qd3+ 30. 
Ke1 Nc6 31. Qb7 Qd2+ 32. Kf1 Qd3+ 33. Be2 Qh3 34. Rc1 Rg5 35. Bg4 Qd3+ 36.
 Ke1 e3 37. Bd7+ Ke7 38. Bf5+ {1-0 Polgar, J-Lautier,J/Enghien les Bains 
2003.} ) 16. ... Qb6 ( 16. ... e4 17. Be2 Qa5+ 18. Nc3 Bg7 =/& ) ( 16. ...
 Bg7 =/& ) 17. Na3! ( 17. Qc1 Bh6! â†‘ ( 17. ... Rg6 {Ftacnik} 18. Nc3 Bh6
19. Qb1 ( 19. f4 exf4 20. gxf4 Rg1+ -/+ ) 19. ... e4 20. Be2 Bg7 =, quiet 
) ) 17. ... Qxb2 18. Nc4 Qc3+ 19. Kf1 Rd8 {Ftacnik: 'The modern chess is 
first of all tough fight with quite a few questionable moments. It is hard
to guess why black refrained from the promissing 19...Nxd5!? '} ( 19. ... 
e4!? 20. Be2 ( 20. f4 Rg6 21. Be2 Rc8 {is much better for Black, if 
comparing with 21.f4 instead of 21.Be2 from the game.} ) 20. ... Bg7 21. 
Rb1 Kf8 ~ 22. Nxd6 Rd8 â†‘ ) ( 19. ... Rg6!? ) ( 19. ... Nxd5!? 20. Be2! (
20. Rb1 {Ftacnik} 20. ... Qd4 21. Be2 Qc5 =+ ) ) 20. Rb1 e4 ( 20. ... Nxd5
{Ftacnik} 21. Be2 Nf6 22. Rb3 Qd4 23. Qxd4 exd4 24. Rb6 += ) ( 20. ... Bh6
!? ) 21. Be2?! {This obvious-looking retreat allows Black to implement his
main idea in this variattion, namely, to activate central pawns, in full }
( {The strongest continuation here is the intermediate} 21. f4!! {was 
necessary. Now Black will find a job for the rook on the fifth rank.} 
21. ... Rg6 ( 21. ... exf3 22. Qxf3 Bg7 23. Kg2 {is in White's favour.} ) 
( 21. ... exd3? 22. cxd3! Rg6 23. Qa4+ +- ) 22. Be2 += {shown by P.Leko} )
( 21. Rb3 {Ftacnik} 21. ... Qf6 ( 21. ... Qd4? 22. Nxd6+ Rxd6 23. Bb5+ +- 
) 22. f4 Rg6 ( 22. ... exf3 23. Nb6 Ng6 24. Qxf3 +/- ) 23. Be2 Bg7 24. Kg2
+= ) 21. ... f4! 22. Rb3 ( 22. gxf4? Qh3+ 23. Ke1 Rxd5 24. Qc1 Bg7 ) ( {
Transposition into an endgame turns out to be favorable for Black} 22. Qd2
?! Nxd5 23. gxf4 Rf5 24. Qxc3 Nxc3 25. Rb7 Rb5! -/+ ) 22. ... Qf6 23. gxf4
{'?' Ftacnik. White had little choice, since protecting the d-pawn by 
moves like 23.Nb6 (which is probably best) would hardly cross anyone's 
mind. Ftacnik: 'This solution is most likely second rate, Leko will get a 
chance to build up the massive initiative on the kingside. '} ( 23. Nb6 {
Ftacnik} 23. ... fxg3 ( 23. ... f3 24. Bxa6 Nxd5 25. h4 Qh6 26. Kg1 ( 26. 
Nxd5 Rxd5 27. Qe1 =, quiet ) 26. ... Rxg3+ 27. fxg3 Nxb6 28. Qd4 +/- ) 24.
 hxg3 Nf5 25. Kg2 Bg7 26. Bxa6 += ) 23. ... Qxf4!? {Now White's previous 
move is fully justified. Ignoring the d5-pawn, Black seeks to create an 
offensive piece fist against the enemy king } ( 23. ... Rxd5! 24. Qc1 ( 
24. Qb1 {Ftacnik} 24. ... Qxf4 25. Rb8 ( 25. Ne3 Ra5 -/+ ) 25. ... Nc6 26.
 Rxd8+ Nxd8 =+ ) 24. ... Bh6 -/+ ( 24. ... Rc5 {Ftacnik} 25. Nb6 Nf5 -/+ )
) 24. Ne3 {Seeking to save the d5-pawn} 24. ... Bg7 ( 24. ... Bh6!? 25. 
Bxa6 Ra8 26. Bb5+ Kf8 =/& ) 25. Bxa6 {White's extra pawn plays 
insignificant role for the moment. Black will organise an initiative in 
the center and on the kingside, using the fact that White has an worse 
co-oprdination: not easy to connect rooks, bad position of the king and no
possibilities for active play.} 25. ... Nf5! {Bd4} 26. Ng2 ( 26. Nxf5 Rxf5
27. Qe2 Bd4 -/+ ) 26. ... Qe5 ( {To an equality only leads} 26. ... Rxg2 
27. Kxg2 Bd4 28. Rf1 Nh4+ 29. Kh1 Nf3 30. Rxf3 = ) 27. h4 Rg6 28. Rhh3 {So
she achieved the connection between rooks. The position is double-edged.} 
28. ... Kf8 { In his desire to improve the only defect in his piece setup 
(centralized king) Black counts on his general positional advantage} 29. 
Qb1 {White is trying to create her own play. However, the king on f1 will 
need soon more pieces to defend him and White's main task was rather to 
prevent Black's active possibilities. Also pawn d5 remains unprotected 
now.} ( 29. c3 ~ {would have been better, preventing Nd4. However, 
psychologically it's a difficult move to make after just having reached 
the connection between rooks on the third rank.} ) ( {or} 29. h5 {followed
by 30.c3.} ) 29. ... Bf6 30. h5?! {Strange as it may seem, the loss of 
white control over the g5-square will have its impact later } 30. ... Rg8 
31. Be2?! {'?' Ftacnik. Ftacnik: 'Much more promissing was to change a 
pair of rooks with the help of 31.Rb8!?, even though black would still be 
better.'} ( 31. c4?! {protects pawn d5, but leaves the bishop out of play 
on a6. Black is clearly better, after say} 31. ... Nd4 32. Rbe3 {and now 
even} ( 32. Rb8 Qg5 33. Rg3 Qxh5 ) 32. ... Nf3!? 33. Rhxf3 exf3 34. Rxe5 
fxg2+ 35. Kg1 Bxe5 -/+ ) ( 31. Rb8!? {Ftacnik} 31. ... Qxd5 ( 31. ... Rxb8
32. Qxb8+ Kg7 33. Qb1 Qxd5 34. c4 =, quiet ) 32. c4 Qd4 =+ ) 31. ... Nd4 (
31. ... Qxd5 32. Rb5 Qe6 {was possible too.} ) 32. Rbe3 Bg5 ( {Black has a
decisive attack after the following forced line:} 32. ... Nxe2 33. Rxe2 
Qg5 34. Rg3 Qxh5 35. Rxg8+ Kxg8 36. Re1 Kh8 37. Ne3 Bc3 38. Rd1 Qh1+ 39. 
Ke2 Qf3+ 40. Kf1 f5 -+ {But the game continuation is also strong enough to
win.} ) 33. Qb6 Re8 34. Reg3 f5! -+ {Black's "spare" f-pawn rushes 
forward, breaking down White's resistance once and for all } 35. Nh4 ( 35.
 Bb5 Re7 {changes little - White is unable to stop the advance of f-pawn.}
) 35. ... Nxe2 36. Kxe2 f4 -+ 37. Rb3 f3+ 38. Kf1 Qxd5 39. Nxf3 Qc4+ 40. 
Rd3 exd3 41. Qxd6+ Be7 42. Qh6+ Rg7 43. Rg3 ( 43. Ne5 d2+! 44. Nxc4 d1=Q# 
) 43. ... dxc2+ 44. Kg2 Qc3 0-1

[Event "Chelyabinsk Variation 12.3"]
[Site "Wijk aan Zee NED"]
[Date "2003.01.19"]
[Round "12.3"]
[White "Grischuk, Alexander"]
[Black "Krasenkow, Michal"]
[Result "1-0"]
[WhiteElo "2712"]
[BlackElo "2633"]
[EventDate "2003.01.11"]
[Annotator "Ftacnik"]

1. e4 c5 2. Nf3 e6 3. d4 cxd4 4. Nxd4 Nf6 5. Nc3 Nc6 6. Ndb5 d6 7. Bf4 e5 
8. Bg5 a6 9. Na3 b5 10. Bxf6 gxf6 11. Nd5 f5 12. Bd3 Be6 13. Qh5 Rg8 14. 
g3 Rg5 15. Qd1 Bxd5 16. exd5 Ne7 17. c3 {The most unpleasant continuation 
for Black. White prepares activation of his knight via a3-c2-b4 or e3.} 
17. ... Qb6 ( {In case of} 17. ... e4 {there follows the already familiar 
intermediate move } 18. f4 Rg8 19. Be2 Qb6 20. Nc2 Bg7 21. Qd2 Bf6 22. a3 
Kf8 23. Kf1 Kg7 24. Kg2 Rgc8 25. Rhg1 a5 26. Kh1 Rg8 27. Bh5 Qc5 28. Rad1 
Kf8 29. Rg2 Rb8 30. h3 Ng6 31. Qe1 Qc8 {1-0(80) Bezgodov, Alexei (2576) - 
Tolstikh, Nikolay (2419) / RUS Ch 53rd (5), Samara RUS 2000} ) 18. Nc2 e4 
19. Be2 ( 19. f4? exd3 20. fxg5 dxc2 21. Qxc2 Qe3+ 22. Qe2 Qxg5 -/+ ) 
19. ... f4!? {Very sensible solution, black is improving his situation 
with the elimination of the unpleasant pawn d5.

Black pawns are bursting to go into action, or Black will carry out the 
blockading advance f2-f4 } 20. Qd2! {Vulnerability of the g5-rook allows 
White to neutralize the opponent's mobile pawns } ( 20. gxf4 Rxd5 21. Qc1 
Rc5 22. f3 d5 =, quiet ) 20. ... Rxd5 ( 20. ... fxg3? 21. Qxg5 Qxf2+ 22. 
Kd2 ) ( 20. ... e3 21. fxe3 Rxd5 22. Nd4 fxe3 23. Qxe3 Bg7 24. Rd1 +/- ) 
21. Qxf4 Re5 ( 21. ... Rf5 22. Qxe4 ( 22. Qe3 Qxe3 23. Nxe3 Rc5 24. a4 += 
) 22. ... Qxf2+ 23. Kd1 Rd5+ 24. Bd3 f5 25. Qe2 Qxe2+ 26. Kxe2 += ) 22. 
O-O {The position has stabilized. White has an obvious positional 
advantage consisting in a superior pawn structure and a more comfortable 
location of his king } 22. ... Bg7 23. Kh1! { Intending to expose the 
flaws in the opponent's setup by means of the undermining f2-f3 } 23. ... 
b4!? {Strategic mistake, since after swap of the pawn white squared bishop
of Grischuk will become very active.

-----------

Black has to try and solve his problems by "surgical" means } ( {After the
quiet } 23. ... d5 24. f3 {white advantage is evident} ( 24. Rad1 Qg6 
=, quiet ) ) ( 23. ... Kf8!? {motor} 24. Rad1 d5 25. f3 e3 26. Rfe1 Re8 
27. Bd3 Ng6 28. Qb4+ Kg8 29. Re2 R5e6 30. Kg2 Ne5 += ) 24. c4 ( 24. Nxb4 
a5 25. Nc2 ( 25. Bc4 f5 ( 25. ... d5 26. Nxd5 Nxd5 27. Bxd5 Rxd5 28. Qxe4+
Qe6 29. Qxh7 ~ ) 26. Qg5 Kf8 =+ ) 25. ... Qxb2 = ) ( 24. Rab1 {motor} 
24. ... bxc3 25. bxc3 Qc6 26. Nb4 Qd7 += ) ( 24. cxb4 d5 ) 24. ... d5 ( 
24. ... b3 25. Ne3 ( 25. axb3 Qxb3 26. Qd2 += ) 25. ... h5 26. f3 Ng6 27. 
Nd5 Qd4 28. Qc1 Rc8 29. Nc3 += ) 25. Rad1 Rd8 ( 25. ... b3 26. axb3 Qxb3 
27. Nd4 Qxb2 28. cxd5 Nxd5 29. Qg4 { black king faces problems} ) 26. cxd5
Nxd5 ( 26. ... Rdxd5 27. Qg4! Kf8 28. Ne3 Rxd1 29. Rxd1 +/- ) 27. Qh4 {The
middlegame play with black king open may give White more than an endgame 
with an extra pawn and bishops of opposite color } ( 27. Qg4 Qg6 28. Qxg6 
hxg6 29. Bxa6 +/- ) 27. ... Qg6 ( 27. ... b3 28. Qxh7!? ( 28. axb3 Qg6 29.
 Ne3 += ) 28. ... bxc2 29. Qxg7 Qxb2 30. Rc1 Rd6 31. Rxc2 Qxc2 32. Qxe5+ 
Re6 33. Qb8+ +/- ) 28. Ne3 Bf6 29. Qh3 Nxe3 ( 29. ... Be7 30. Nc4 Rf5 31. 
f4! exf3 32. Bxf3 +/- ) 30. Rxd8+ Bxd8 ( 30. ... Kxd8 31. fxe3 Re6 32. Bc4
Rd6 33. Bxa6! +/- ) 31. fxe3 +/- {Black position is dangerous. As is 
generally known, the presence of bishops of opposite color on the board 
makes an attack against the king still stronger } 31. ... Rc5 32. b3! {
Securing the c4-square for the white bishop } 32. ... a5 ( 32. ... Rc2? 
33. Bh5 +- ) 33. Bc4 {In this technical position black has palpable 
weaknesses and no counterplay, the defense will be very unpleasant affair.
} 33. ... Bf6 ( 33. ... f5 34. Be2 Ke7 35. g4! fxg4 36. Bxg4 +/- ) 34. Rf4
Ke7 35. Qf1 ( 35. Qg2 Re5 36. Qd2 +/- ) 35. ... Re5 36. Qd1 Rc5? ( 36. ...
 h5 37. Qd4 Kf8 38. Qd6+ Kg7 39. Bd5 +/- {Qc6} ) 37. Bd5 Bb2 ( 37. ... Qg5
38. Bxe4 Be5 39. Rf3 +/- ) 38. Bxf7 Qd6 ( 38. ... Qc6 39. Bc4 +/- ) 39. 
Qe2? {The opponents exchange inaccuracies under time pressure } ( 39. 
Rxe4+ Re5 40. Rxe5+ Qxe5 41. Qf3 +/- ) ( {As A. Grischuk points out, to 
the win leads} 39. Qg4 Rc1+ 40. Kg2 Rc2+ 41. Kh3 Qh6+ 42. Bh5 Qe6 43. Rf5 
Bf6 44. Rxa5 Qxg4+ 45. Bxg4 +- ) 39. ... Rc1+ 40. Kg2 Be5? ( 40. ... Qd1 
41. Qxd1 ( 41. Qb5 Rc2+ 42. Kh3 Qd7+ 43. Qxd7+ Kxd7 44. Rxe4 +/- ) ( 41. 
Qa6 Rc2+ 42. Kh3 Qd7+ 43. g4 Be5 ) 41. ... Rxd1 +/- ) 41. Rf5 +- Bf6 ( 
41. ... Rc5 42. Bc4 +/- ) 42. Bd5 Qd7 ( 42. ... Rc5 43. Qh5 Kd8 44. Qxh7 
Rc2+ 45. Kh3 +- ) 43. Qh5! {White is going for the decisive attack, the 
counterplay of black will be refuted in a very ellegant way.} 43. ... Rc2+
44. Kf1 ( 44. Kh3 Kd8 45. Bxe4 Rxa2 46. Qh6 +- ) 44. ... Rc1+ 45. Ke2 Kd8 
( 45. ... Rc2+ 46. Kd1 Rc8 47. Qf7+ +- ) 46. Rxf6 Qb5+ 47. Kd2 Qc5 ( 
47. ... Qd3+ 48. Kxc1 Qxe3+ 49. Kd1 Qd4+ 50. Ke2 Qd3+ 51. Kf2 Qd4+ 52. Kg2
Qxf6 53. Bxe4 +- ) ( 47. ... Ra1 48. Rf8+ Kc7 49. Qe5+ +- ) 48. Rd6+! ( 
48. Rd6+ Qxd6 ( 48. ... Ke7 49. Qe5+ Kf8 50. Rd8# ) 49. Qg5+ Kc7 50. Kxc1 
+- ) 1-0